Saint and greavsie football book / (Record no. 157507)
[ view plain ]
| 000 -LEADER | |
|---|---|
| fixed length control field | 00706nam a22002417a 4500 |
| 003 - CONTROL NUMBER IDENTIFIER | |
| control field | dpl |
| 005 - DATE AND TIME OF LATEST TRANSACTION | |
| control field | 20180914161110.0 |
| 008 - FIXED-LENGTH DATA ELEMENTS--GENERAL INFORMATION | |
| fixed length control field | 180914b xxu||||| |||| 00| 0 eng d |
| 010 ## - LIBRARY OF CONGRESS CONTROL NUMBER | |
| LC control number | A-324315 |
| 020 ## - INTERNATIONAL STANDARD BOOK NUMBER | |
| International Standard Book Number | 0091734568 |
| Terms of availability | 0.00 |
| 035 ## - SYSTEM CONTROL NUMBER | |
| System control number | A-324315 |
| 040 ## - CATALOGING SOURCE | |
| Original cataloging agency | DPL |
| Language of cataloging | EN |
| Transcribing agency | 0 |
| 082 ## - DEWEY DECIMAL CLASSIFICATION NUMBER | |
| Classification number | 796.33 |
| Item number | STJ |
| 100 ## - MAIN ENTRY--PERSONAL NAME | |
| Personal name | John, lan St |
| 245 ## - TITLE STATEMENT | |
| Title | Saint and greavsie football book / |
| Statement of responsibility, etc | by Lan St John [and] Jimmy Greaves |
| 260 ## - PUBLICATION, DISTRIBUTION, ETC. (IMPRINT) | |
| Place of publication, distribution, etc | London |
| Name of publisher, distributor, etc | Stanley paul |
| Date of publication, distribution, etc | 1987 |
| 270 ## - ADDRESS | |
| Address | Brookmount house, 62-65 chandos place covent garden |
| City | London |
| 300 ## - PHYSICAL DESCRIPTION | |
| Extent | 127p.: |
| Dimensions | 25cm |
| 700 ## - ADDED ENTRY--PERSONAL NAME | |
| Personal name | Greaves, Jimmy |
| 700 ## - ADDED ENTRY--PERSONAL NAME | |
| Personal name | Patience, Bob |
| 700 ## - ADDED ENTRY--PERSONAL NAME | |
| Personal name | Tebbit, Jake |
| 942 ## - ADDED ENTRY ELEMENTS (KOHA) | |
| Source of classification or shelving scheme | Dewey Decimal Classification |
| Koha item type | English Books |
| Classification part | 796.33 |
| Call number suffix | STJ |
| Withdrawn status | Lost status | Source of classification or shelving scheme | Damaged status | Not for loan | Collection code | Home library | Current library | Date acquired | Source of acquisition | Cost, normal purchase price | Total Checkouts | Full call number | Barcode | Date last seen | Cost, replacement price | Price effective from | Koha item type |
|---|---|---|---|---|---|---|---|---|---|---|---|---|---|---|---|---|---|
| Dewey Decimal Classification | Non-fiction | Patel Nagar | Patel Nagar | 14/09/2018 | BPPD/PUB | 0.00 | 796.33 STJ | A-324315 | 14/09/2018 | 0.00 | 14/09/2018 | English Books |
